000
00207 a2200097 4500
001
28330
100
_a
Owen, D B
245
_a
Handbook of Statistical Tables
260
_a
_b
Wesley
_c
090
_c
18939
_d
18939
942
_a
NUST-CAE
_c
M
_c
9934
999
_c
263403
_d
263403